• 首页
  • 本馆介绍
  • 公告通知
  • 最新文献
  • 馆藏检索
  • 电子资源
  • 读者导购
  • 参考咨询
  • 我的图书馆
  • 登录
  • 详细信息显示
  • 放入我的书架
  • 预约/预借图书
  • 作者相关作品
  • 分类相关作品
  • 丛书相关作品
  • 出版社相关作品

书目信息

  • 表格格式
  • 工作单格式
  • 卡片格式
题名:
平面几何学习指导
    
 
作者: 许莼舫 编
分册:  
出版信息: 北京   中国青年出版社  1957
页数: 228页
开本: 20cm
丛书名:
单 册:
中图分类: O123.1
科图分类:
主题词: 平面几何--解题--初中 , 初等数学
电子资源:
ISBN:
000 00718nam0 2200241 45
001 0190009922
005 20060820091042.59
010    @dCNY0.50
100    @a19921209d1957 aemy0chiy0121 ea
101 0  @achi
102    @aCN@b110000
102    @aCN@b110000
105    @ay z 000yy
200 10 @a平面几何学习指导@Aping mian ji he xue xi zhi dao@f许莼舫编@Fxu chun fang bian
210    @a北京@c中国青年出版社@d1957
215    @a228页@d20cm
540 1  @a平面几何 学习指导 同步练习@APING MIAN JI HE XUE XI ZHI DAO TONG BU LIAN XI
606    @a平面几何@x解题@x初中
606 0  @a初等数学
690    @aO123.1@v4
701  0 @a许莼舫@Axu chun fang@4编
801  0 @aCN@bTSSF@c20060820
905    @a10447@dO123.1@e30
    
    平面几何学习指导/许莼舫编.-北京:中国青年出版社,1957
    228页;20cm
    
    
    ISBN :CNY0.50
    
●
相关链接 在E读中查询图书 在五车中查询图书 在当当中查询图书 在豆瓣中查询图书


正题名:平面几何学习指导     索取号:O123.1/30         预约/预借

序号 登录号 条形码 馆藏地/架位号 状态 备注
1 0028822   202309135   密集书库/ [索取号:O123.1/30] 在馆    
2 0122687   202097088   第二样本阅览室/ [索取号:O123.1/30] 在馆    
3 0431071   204310717   密集书库/ [索取号:O123.1/30] 在馆    
4 0431072   204310726   密集书库/ [索取号:O123.1/30] 在馆    
5 0431073   204310735   密集书库/ [索取号:O123.1/30] 在馆    
6 0462102   204621025   密集书库/ [索取号:O123.1/30] 在馆    
7 0468539   204685395   密集书库/ [索取号:O123.1/30] 在馆    
8 0471322   204713220   密集书库/ [索取号:O123.1/30] 在馆    
唐山师范学院图书馆 欢迎您!
大连网信软件有限公司© 版权所有